Le cinema de l'Espagne franquiste / (Record no. 128170)
[ view plain ]
| 000 -LEADER | |
|---|---|
| campo de control de longitud fija | 00945nam a2200253 i 4500 |
| 001 - NÚMERO DE CONTROL | |
| campo de control | 128170 |
| 003 - IDENTIFICADOR DE NÚMERO DE CONTROL | |
| campo de control | ES-MaACL |
| 005 - FECHA Y HORA DE LA ÚLTIMA TRANSACCIÓN | |
| campo de control | 20230906193200.0 |
| 007 - CAMPO FIJO DE DESCRIPCIÓN FÍSICA--INFORMACIÓN GENERAL | |
| campo de control de longitud fija | t| |
| 008 - DATOS DE LONGITUD FIJA--INFORMACIÓN GENERAL | |
| campo de control de longitud fija | 070625s1984 fr ||||1| fre d |
| 080 ## - NÚMERO DE LA CLASIFICACIÓN DECIMAL UNIVERSAL | |
| Número de la Clasificación Decimal Universal | 791.43(460)"1939/1975"(083.824) |
| 245 03 - MENCIÓN DEL TÍTULO | |
| Título | Le cinema de l'Espagne franquiste / |
| Mención de responsabilidad, etc. | numéro coordonné par Marcel Oms et Pierre Roura. |
| 260 ## - PUBLICACIÓN, DISTRIBUCIÓN, ETC. | |
| Lugar de publicación, distribución, etc. | Perpignan : |
| Nombre del editor, distribuidor, etc. | Institut Jean Vigo, |
| Fecha de publicación, distribución, etc. | 1984. |
| 300 ## - DESCRIPCIÓN FÍSICA | |
| Extensión | 252 p. : |
| Otras características físicas | il. ; |
| Dimensiones | 30 cm. |
| 490 1# - MENCIÓN DE SERIE | |
| Mención de serie | Les cahiers de la cinematique ; |
| Designación de volumen o secuencia | 38-39 |
| 595 ## - | |
| -- | Número monográfico de la revista Les cahiers de la cinematheque, n. 38/39, Hiver 1984. |
| 650 14 - PUNTO DE ACCESO ADICIONAL DE MATERIA--TÉRMINO DE MATERIA | |
| Término de materia o nombre geográfico como elemento de entrada | Cine- |
| Subdivisión geográfica | España- |
| Subdivisión cronológica | 1939-1975. |
| 9 (RLIN) | 11026 |
| 700 1# - ENTRADA AGREGADA--NOMBRE PERSONAL | |
| Nombre de persona | Oms, Marcel. |
| 9 (RLIN) | 87045 |
| 700 1# - ENTRADA AGREGADA--NOMBRE PERSONAL | |
| Nombre de persona | Roura, Pierre. |
| 9 (RLIN) | 100037 |
| 710 2# - ENTRADA AGREGADA--NOMBRE DE ENTIDAD CORPORATIVA | |
| Nombre de entidad corporativa o nombre de jurisdicción como elemento de entrada | Institut Jean Vigo. |
| 9 (RLIN) | 4768 |
| 830 1# - PUNTO DE ACCESO ADICIONAL DE SERIE-TÍTULO UNIFORME | |
| Título uniforme | Les cahiers de la cinematique ; |
| Designación de volumen o secuencia | 38-39 |
| 9 (RLIN) | 219242 |
| 852 ## - LOCALIZACIÓN | |
| Ubicación | ES-MaACL |
| Número de control de estantería | E-11747 |
| Nota libre | - Biblioteca Jacinto Martínez Lacalle. |
| Estatus retirado | Estado de pérdida | Estado de daño | No para préstamo | Biblioteca de origen | Biblioteca actual | Ubicación en estantería | Fecha de adquisición | Fuente de adquisición | Total de préstamos | Signatura topográfica completa | Código de barras | Visto por última vez | Precio de reemplazo | Tipo de ítem Koha |
|---|---|---|---|---|---|---|---|---|---|---|---|---|---|---|
| Biblioteca del Ateneo de Madrid | Biblioteca del Ateneo de Madrid | Depósito 2 | 17/01/2008 | E-11747 | 1133496 | 23/02/2023 | 23/02/2023 | Libro impreso |
